| 000 | 00804 a2200229 4500 | ||
|---|---|---|---|
| 003 | OSt | ||
| 005 | 20230322092345.0 | ||
| 008 | 220726b2014 mx a|||f |||| 001 0 spa d | ||
| 020 | _a9786071720436 | ||
| 040 | _cCHAP | ||
| 082 | 0 | 4 |
_a636.213 _bF95 _222 |
| 100 | 1 |
_9184742 _aFuentes Rodríguez, Jesús |
|
| 245 | 1 | 0 |
_aExplotación de bovinos en corrales de engorda : _bparámetros productivos / _cpor Jesús Fuentes Rodríguez y Alberto Guerrero Rodríguez |
| 264 | 1 |
_aMéxico : _bTrillas, _c2014. |
|
| 300 |
_a158 páginas _bilustraciones, tablas |
||
| 504 | _aIncluye índice y bibliografía | ||
| 650 | 0 |
_9139138 _aBovinos de carne _xProducción |
|
| 650 | 2 |
_9145267 _aEngorda de bovinos |
|
| 650 | 2 |
_9141773 _aBovinos _xCría |
|
| 700 | 1 |
_9146592 _aGuerrero Rodríguez, Alberto |
|
| 942 |
_2ddc _cLIBRO |
||
| 999 |
_c217330 _d217330 |
||